Geography starting in H, with second letters A-Z - Statistics

General Stats
  • This quiz has been taken 17 times
  • The average score is 8 of 26
Answer Stats
2nd letter Clue Answer starting with H % Correct
A Caribbean country (5 letters) Haiti
100%
I Japanese city A-bombed in 1945 (9) Hiroshima
88%
O Crime-infested, banana-producing nation (8) Honduras
88%
U In need of food in central Europe (7) Hungary
88%
Y Communist returning to a bad city in India, and Pakistan (9) Hyderabad
59%
X Airport code for Hay, New South Wales, Australia (3) HXX
53%
G The code for Hastings Airport, Freetown, Sierra Leone (3) HGS
47%
E At this point, cross the River Severn (8) Hereford
41%
R One spelling of Grodno, a major city of Belarus (6) Hrodna
18%
Z Intelligence measurement and statement of gratitude are key features of Lebanese hill, Aaqabet ___ (6) Hziqta
18%
B Algerian locale that Al visits, late getting back, but it's a laugh in the end (10) Hbal Etalha
12%
D Decent neighbourhood in Vietnam (4) H'Đơk
12%
H Santa heard arriving in Swazi region, but overstays at his hotels (6) Hhohho
12%
J Small fish cause a man to vanish off town of Denmark (8) Hjørring
12%
L Village in Lesotho where nothing is out of place (6) Hlotse
12%
M Sympathetic word for those who go either way to Burmese town (6) Hmawbi
12%
N Ukrainian town with one vehicle (6) Hnivan
12%
P Asian capital next to an urban Burmese sprawl (5) Hpa-An
12%
Q Abkhaz area which has a lake at one side of Lebanese mountain (11) Hqâb Khazaal
12%
S Inch towards underground Taiwanese city (7) Hsinchu
12%
T A man with a gun up Burmese mountain (9) Hta-Māngun
12%
V Faroese village with the influence of Scotland (6) Hvalba
12%
C I divide a half at the last quarter of Algerian village (7) Hchalif
6%
K Burmese mountain whose other name is Bishop of River, an Axis one (11) Hkakabo Razi
6%
W South Korean city where energy is injected into the middle part of a song (8) Hwaseong
6%
F Californian street where an abbreviated insult goes round and round (9) Hfu Circle
0%
No matching quizzes found
Score Distribution
Percent of People with Each Score
Percentile by Number Answered
Your Score History
You have not taken this quiz